Induced genetic variability in Hevea brasiliensis Muell Arg through chemical mutagens (Record no. 49403)

MARC details
000 -LEADER
fixed length control field 00513nam a2200145Ia 4500
100 ## - MAIN ENTRY--AUTHOR NAME
Personal name Saraswathyamma C.K.
245 #0 - TITLE STATEMENT
Title Induced genetic variability in Hevea brasiliensis Muell Arg through chemical mutagens
260 ## - PUBLICATION, DISTRIBUTION, ETC. (IMPRINT)
Name of publisher National Symposium on Cytogenetic Research: Achievements and Relevance, 1985, RRL, Hyderabad, India.
Year of publication 1985
650 ## - SUBJECT ADDED ENTRY--TOPICAL TERM
Topical Term Chemical mutagen
650 ## - SUBJECT ADDED ENTRY--TOPICAL TERM
Topical Term Genetic variability
700 ## - ADDED ENTRY--PERSONAL NAME
Personal name Licy J.
700 ## - ADDED ENTRY--PERSONAL NAME
Personal name Panikkar A.O.N.
942 ## - ADDED ENTRY ELEMENTS (KOHA)
Koha item type Bibliography STAF
Holdings
Withdrawn status Lost status Damaged status Not for loan Home library Current library Shelving location Date acquired Koha item type
      Bibliography RRII Library RRII Library Botany 09/04/2014 Bibliography STAF